UBT Library

How to be your own therapist (Record no. 515)

000 -LEADER
fixed length control field 00678nam a22002057a 4500
005 - DATE AND TIME OF LATEST TRANSACTION
control field 20141009044334.0
008 - FIXED-LENGTH DATA ELEMENTS--GENERAL INFORMATION
fixed length control field 021201s2003 nyua sb 001 0 eng d
020 ## - INTERNATIONAL STANDARD BOOK NUMBER
International Standard Book Number 0071387331
024 #0 - OTHER STANDARD IDENTIFIER
Terms of availability eng
080 ## - UNIVERSAL DECIMAL CLASSIFICATION NUMBER
Universal Decimal Classification number 159.9
100 1# - Rafti
Rafti Farrell, Patricia,
245 10 - TITLE STATEMENT
Title How to be your own therapist
Statement of responsibility, etc Patricia Farrell.
260 ## -
-- New York :
-- McGraw-Hill,
-- 2003.
300 ## -
-- 270 f. :
-- me il.;
-- 23 cm.
504 ## - BIBLIOGRAPHY, ETC. NOTE
Bibliography, etc Includes bibliographical references (p. 259-261) and index f. 263-270
650 #0 -
-- Psikologjia
650 #0 -
-- Menaxhimi
655 #7 -
-- Electronic books.
942 ## - ADDED ENTRY ELEMENTS (KOHA)
Source of classification or shelving scheme
Item type Books
Holdings
Withdrawn status Lost status Source of classification or shelving scheme Damaged status Not for loan Collection code Permanent location Current location Shelving location Date acquired Total Checkouts Full call number Barcode Date last seen Koha item type
          Koleksioni i përgjithshem UBT - Ferizaj UBT - Ferizaj Koleksioni i përgjithshem 10/09/2014   159.9 FARR 003000789 10/09/2014 Books
          Koleksioni i përgjithshem UBT - Ferizaj UBT - Ferizaj Koleksioni i përgjithshem 10/09/2014   159.9 FARR 003000790 10/09/2014 Books
          Koleksioni i përgjithshem UBT - Ferizaj UBT - Ferizaj Koleksioni i përgjithshem 10/09/2014   159.9 FARR 003000791 10/09/2014 Books
          Koleksioni i përgjithshem UBT - Ferizaj UBT - Ferizaj Koleksioni i përgjithshem 10/09/2014   159.9 FARR 003000792 10/09/2014 Books
          Koleksioni i përgjithshem UBT - Ferizaj UBT - Ferizaj Koleksioni i përgjithshem 10/09/2014   159.9 FARR 003000793 10/09/2014 Books
          Koleksioni i përgjithshem UBT - Ferizaj UBT - Ferizaj Koleksioni i përgjithshem 10/09/2014   159.9 FARR 003000794 10/09/2014 Books
          Koleksioni i përgjithshem UBT - Ferizaj UBT - Ferizaj Koleksioni i përgjithshem 10/09/2014   159.9 FARR 003000795 10/09/2014 Books
          Koleksioni i përgjithshem UBT - Ferizaj UBT - Ferizaj Koleksioni i përgjithshem 10/09/2014   159.9 FARR 003000796 10/09/2014 Books
          Koleksioni i përgjithshem UBT - Ferizaj UBT - Ferizaj Koleksioni i përgjithshem 10/09/2014   159.9 FARR 003000797 10/09/2014 Books
          Koleksioni i përgjithshem UBT - Ferizaj UBT - Ferizaj Koleksioni i përgjithshem 10/09/2014   159.9 FARR 003000798 10/09/2014 Books
UBT Library © 2015-2024. All rights reserved University Education for Business and Technology